000 01159cab a22002535a 4500
001 L146444
008 090121e20090117xxka f 000 0 eng d
035 _a(Sirsi) u146444
041 0 _aeng
100 1 _aEdwards, Simon
245 0 0 _aOpen the door to conflict
260 _c2009
490 _aEstates Gazette
_v(0903) 17 January 2009, 76-77(2)
520 _aThis mainly for students article looks at the replacement of M&E equipment during the lease term and explains that it is an area of particular contention between landlords and tenants. Looks at landlord's and tenant's arguments, current case law and the RICS document Service Charges in Commercial Property.
590 _aKA
650 2 4 _aSCOTTISH MUTUAL ASSURANCE PLC V JARDINE PUBLIC RELATIONS LTD
650 2 4 _aSOS ENVIRONMENT V POSSFUND (NORTH WEST) LTD AND OTHERS
650 2 4 _aBROWN'S OPERATING SYSTEM SERVICES LTD V SOUTHWARK ROMAN CATHOLIC DIOCESAN CORPORATION
650 2 4 _aFLUOR DANIEL PROPERTIES LTD V SHORTLANDS INVESTMENTS LTD
690 _aPROPERTY-COMMERCIAL PROPERTY-COMMERCIAL LANDLORD AND TENANT
700 1 _aFirn, Keith
700 1 _aStell, Patrick
942 _n0
999 _c81155
_d81155